000 00721nam a2200229 a 4500
001 000010150
003 OSt
005 20240412074215.0
008 091005s198u dr r 000 p spa d
040 _aDO-SdBNP
_bspa
_cBNPHU
082 4 _aRD861.44
_bC221g
_222
100 1 _aCanela, N. R.,
_d1939-
_925144
245 1 0 _aGracias por el amor /
_cN. R. Canela ; edición Ismael A. Cotes.
260 _aSanto Domingo :
_bEditora y Papelería Josué,
_c[198-?].
300 _a79 p. ;
_c21 cm.
590 _aInventariado, 2018/BT
650 0 _aPoesía dominicana
_966
650 0 _aLiteratura dominicana.
_967
700 1 _aCotes, Ismael A.,
_eed.
_925145
910 _aValidado. Control de calidad. MMOLINA
942 _2ddc
_cLBS1
999 _c9909
_d9909